000 00602nam a22002177a 4500
003 UA-OsUOA
001 116053
007 ta
008 20160208b un ||||| |||| 00| 0 ukr d
100 _aДзюба І.
090 _a81
_bД43
942 _cSA
040 _aUA-OsUOA
_bukr
_cUA-OsUOA
_dUA-OsUOA
245 _aМова мітингу - не мова науки й культури
300 _aС.22-23
955 _a0
041 _aukr
080 _a81
773 0 _w116051
650 7 _a8 Мовознавство. Художня література. Літературознавство
_2UDC
999 _c401867
_d401867